| 000 | 00821nam a2200265Ia 4500 | ||
|---|---|---|---|
| 003 | OSt | ||
| 005 | 20220928123922.0 | ||
| 006 | a|||||r|||| 00| 0 | ||
| 007 | ta | ||
| 008 | 220927b |||||||| |||| 00| 0 eng d | ||
| 020 | _cINR 895.00 | ||
| 024 | _a134781 | ||
| 037 |
_b1288, 23/02/2017, Bright Book Service _cTextual |
||
| 040 |
_aSDCL _cSDCL _beng |
||
| 041 |
_2eng _aeng |
||
| 082 | _aV243'N, Q6 | ||
| 100 |
_aGrewal J.S Ed. _9448331 |
||
| 245 | 0 |
_aEarly nineteenth-century Panjab _b From ganesh das' char bagh-i-panjab |
|
| 260 |
_aLondon _bRoutledge _c2016 |
||
| 300 |
_axv,228p. _ccm. |
||
| 650 | _aHistory | ||
| 700 |
_a Banga Indu Ed. _9443779 |
||
| 942 |
_hV243'N, Q6 _cTEXL _2CC |
||
| 999 |
_c775255 _d775255 |
||